| 000 | 00376nam a22001337a 4500 | ||
|---|---|---|---|
| 005 | 20250208144404.0 | ||
| 008 | 250208b |||||||| |||| 00| 0 eng d | ||
| 050 |
_aHG1615 _bBEX |
||
| 100 | _aBexley, James B. | ||
| 245 |
_aBanking management; _bA guide to more profitable banking |
||
| 260 |
_aNew Delhi _bSurjeet Publications _c1996 |
||
| 300 | _axiii, 193p | ||
| 942 |
_2lcc _cBK _n0 |
||
| 999 |
_c3680 _d3680 |
||